Vista normal
Vista MARC
Entrada Personal Name
Número de registros utilizados en: 1
001 - CONTROL NUMBER
- control field: 15818
003 - CONTROL NUMBER IDENTIFIER
- control field: DLC
005 - DATE AND TIME OF LATEST TRANSACTION
- control field: 20240617141400.0
008 - FIXED-LENGTH DATA ELEMENTS
- fixed length control field: 230314n| azannaabn |a aaa c
010 ## - LIBRARY OF CONGRESS CONTROL NUMBER
- LC control number: ns2023000674
035 ## - SYSTEM CONTROL NUMBER
- System control number: (CaEvSKY)skya13043378
040 ## - CATALOGING SOURCE
- Original cataloging agency: MX-MoT
- Language of cataloging: spa
- Description conventions: rda
- Transcribing agency: Mx-PuUPA
- Modifying agency: Mx-PuUPA
100 1# - HEADING--PERSONAL NAME
- Personal name: Chiesa de Negri, Cosimo,
372 ## - FIELD OF ACTIVITY
- Field of activity: Gestión industrial
- Source of term: lcsh
373 ## - ASSOCIATED GROUP
- Associated group: Universidad de Navarra. Instituto de Estudios Superiores de la Empresa
- Source of term: naf
373 ## - ASSOCIATED GROUP
- Associated group: Barna Consulting Group
374 ## - OCCUPATION
- Occupation: Profesor universitario
- Occupation: Autor
- Source of term: lcsh
375 ## - GENDER
- Gender: hombre
377 ## - ASSOCIATED LANGUAGE
- Language code: spa
400 1# - SEE FROM TRACING--PERSONAL NAME
- Personal name: De Negri, Cosimo Chiesa
400 1# - SEE FROM TRACING--PERSONAL NAME
- Personal name: Negri, Cosimo Chiesa de
510 2# - SEE ALSO FROM TRACING--CORPORATE NAME
- Control subfield: r
- Relationship information: Employer of:
- Corporate name or jurisdiction name as entry element: Barna Consulting Group
510 2# - SEE ALSO FROM TRACING--CORPORATE NAME
- Control subfield: r
- Relationship information: Employer of:
- Corporate name or jurisdiction name as entry element: Universidad de Navarra.
- Subordinate unit: Instituto de Estudios Superiores de la Empresa
670 ## - SOURCE DATA FOUND
- Source citation: Los pecados capitales de la venta, 2010:
- Information found: title page (Cosimo Chiesi de Negri) back flap (He is President of Barna Consulting Group; He is a professor of Business Management at IESE in Spain and at AESE in Portugal)